[Event "chess.com IoM Masters"]
[Site "Douglas ENG"]
[Date "2016.10.07"]
[Round "7.43"]
[White "Allen, Keith"]
[Black "Arakhamia-Grant, Ketevan"]
[Result "1/2-1/2"]
[BlackTitle "GM"]
[WhiteElo "2236"]
[BlackElo "2376"]
[WhiteFideId "2501147"]
[BlackFideId "13600168"]
[EventDate "2016.10.01"]

1. d4 Nf6 2. c4 g6 3. g3 Bg7 4. Bg2 O-O 5. Nf3 d6 6. Nc3 Nbd7 7. O-O e5 8. e4
exd4 9. Nxd4 Re8 10. Re1 a6 11. h3 Rb8 12. Bf4 Ne5 13. Bf1 Bd7 14. a4 Qc8 15.
Kh2 Nc6 16. Nc2 Nh5 17. Be3 Bxc3 18. bxc3 Rxe4 19. c5 dxc5 20. Bxc5 Rxe1 21.
Nxe1 Be6 22. Qf3 Qd8 23. g4 Qg5 24. Be3 Qe5+ 25. Kg1 Bd5 26. Qd1 Nf6 27. c4 Be4
28. Ra2 Re8 29. Re2 Rd8 30. Rd2 Rxd2 31. Qxd2 Qd6 32. f3 Qxd2 33. Bxd2 Bb1 34.
Kf2 Kf8 35. Bf4 Ne8 36. Ke3 f6 37. h4 h5 38. Nd3 b6 39. gxh5 gxh5 40. Bg3 Bc2
41. Nb2 a5 42. Kd2 Bf5 43. Bd3 Nd4 44. Be4 c5 45. Nd1 Bxe4 46. fxe4 f5 47. Nc3
fxe4 48. Nxe4 Ke7 49. Ke3 Nf5+ 50. Kf4 Ned6 51. Nxd6 Nxd6 52. Kg5 Ne4+ 53. Kf4
Nd2 54. Kg5 Nxc4 55. Kxh5 Kf6 56. Bc7 b5 57. axb5 a4 58. b6 Na5 59. Kg4 a3 60.
Kf4 Nc6 61. b7 a2 62. Be5+ Nxe5 63. b8=Q Ng6+ 64. Ke4 a1=Q 65. Qd6+ Kf7 66. Qd5+
Kg7 67. Qd7+ Kh6 68. Qd2+ Kg7 69. Qd7+ 1/2-1/2

[Event "chess.com IoM Masters"]
[Site "Douglas ENG"]
[Date "2016.10.07"]
[Round "7.44"]
[White "Harsha, Bharathakoti"]
[Black "Rodshtein, Tereza"]
[Result "1-0"]
[BlackTitle "WGM"]
[WhiteElo "2363"]
[BlackElo "2207"]
[WhiteFideId "5078776"]
[BlackFideId "325449"]
[EventDate "2016.10.01"]

1. Nf3 d5 2. e3 Nf6 3. c4 c6 4. Nc3 e6 5. b3 Bd6 6. Bb2 Qe7 7. Qc2 Ba3 8. Bxa3
Qxa3 9. g4 Na6 10. g5 Nb4 11. Qc1 Qxc1+ 12. Rxc1 Ne4 13. a3 Na6 14. cxd5 cxd5
15. Nxe4 dxe4 16. Ne5 f6 17. Nc4 Ke7 18. gxf6+ gxf6 19. Rg1 f5 20. b4 b6 21. h4
Kf6 22. Nd6 Rd8 23. Nb5 Bb7 24. h5 Rac8 25. Rc3 Rxc3 26. dxc3 Rd7 27. Nxa7 Nc7
28. Nb5 Bd5 29. Be2 e5 30. Nxc7 Rxc7 31. Kd2 Ra7 32. Ra1 Rd7 33. Kc2 f4 34. Rd1
Kg5 35. c4 Bc6 36. Rxd7 Bxd7 37. c5 bxc5 38. bxc5 f3 39. Bc4 1-0

[Event "chess.com IoM Masters"]
[Site "Douglas ENG"]
[Date "2016.10.07"]
[Round "7.45"]
[White "Kavutskiy, Konstantin"]
[Black "Parnali, S Dharia"]
[Result "1-0"]
[WhiteTitle "FM"]
[BlackTitle "WIM"]
[WhiteElo "2332"]
[BlackElo "2228"]
[WhiteFideId "2026384"]
[BlackFideId "5043131"]
[EventDate "2016.10.01"]

1. d4 d5 2. c4 e6 3. Nc3 c6 4. e3 Nd7 5. e4 dxe4 6. Nxe4 Ngf6 7. Bd3 Nxe4 8.
Bxe4 Nf6 9. Bc2 e5 10. dxe5 Qa5+ 11. Bd2 Qxe5+ 12. Qe2 Qxe2+ 13. Nxe2 Be6 14. b3
O-O-O 15. Bc3 Bd6 16. O-O Rhe8 17. Nd4 Bg4 18. h3 Be5 19. Nxc6 Bxc3 20. Nxd8
Kxd8 21. hxg4 Bxa1 22. Rxa1 Nxg4 23. Bf5 Nf6 24. Rd1+ Kc7 25. Kf1 Re5 26. Bh3 g5
27. g3 h5 28. Bg2 b6 29. Rd3 Ng4 30. b4 Rf5 31. f3 Ne5 32. Rc3 Nc6 33. b5 Nd4
34. Ra3 Kd6 35. Rxa7 Nxf3 36. Ke2 Nd4+ 37. Kd3 Ne6 38. Bd5 Rf2 39. Ke3 Rc2 40.
Rxf7 Nc7 41. Rf5 Rc3+ 42. Kd4 Rxg3 43. Rf6+ Kd7 44. Rxb6 Nxd5 45. Kxd5 h4 46.
Rb7+ Kc8 47. Rh7 Rf3 48. b6 Rf5+ 49. Kc6 Rf6+ 50. Kb5 Rf3 51. c5 Rf5 52. b7+ Kb8
53. Kb6 Rf8 54. c6 1-0

[Event "chess.com IoM Masters"]
[Site "Douglas ENG"]
[Date "2016.10.07"]
[Round "7.46"]
[White "Formento, Paolo"]
[Black "Whitehead, David J"]
[Result "1-0"]
[WhiteTitle "FM"]
[WhiteElo "2326"]
[BlackElo "2021"]
[WhiteFideId "861162"]
[BlackFideId "406813"]
[EventDate "2016.10.01"]

1. c4 Nf6 2. Nc3 g6 3. e4 d6 4. d4 Bg7 5. Nge2 O-O 6. Ng3 c5 7. d5 a6 8. a4 e6
9. f3 exd5 10. cxd5 Re8 11. Be2 h5 12. O-O Nbd7 13. Be3 Ne5 14. Nh1 Bd7 15. a5
b5 16. axb6 Qxb6 17. Qc2 Qb7 18. Ra2 c4 19. h3 Bb5 20. Nf2 h4 21. Rb1 Qc7 22.
Nxb5 axb5 23. Rxa8 Rxa8 24. f4 Ned7 25. b3 Nb6 26. bxc4 Nxc4 27. Rxb5 Rc8 28.
Qxc4 Qxc4 29. Bxc4 Rxc4 30. e5 Ne4 31. Ng4 Ra4 32. Rb1 Nc3 33. Rb8+ Kh7 34. exd6
Ne4 35. Rb1 Nxd6 36. Rd1 Re4 37. Bc5 Nb7 38. Bf2 Nd6 39. Bxh4 Bd4+ 40. Kh2 Kg7
41. Rxd4 1-0

[Event "chess.com IoM Masters"]
[Site "Douglas ENG"]
[Date "2016.10.07"]
[Round "7.47"]
[White "Kolbus, Dietmar"]
[Black "Scott, Gordon W"]
[Result "1/2-1/2"]
[WhiteTitle "IM"]
[WhiteElo "2321"]
[BlackElo "2168"]
[WhiteFideId "4610628"]
[BlackFideId "419559"]
[EventDate "2016.10.01"]

1. c4 Nf6 2. Nc3 g6 3. e4 d6 4. d4 Bg7 5. f3 O-O 6. Be3 Nc6 7. Qd2 a6 8. Nge2
Rb8 9. a4 Re8 10. a5 Bd7 11. Ra3 Qc8 12. b3 b5 13. axb6 cxb6 14. d5 Ne5 15. Nd4
e6 16. Be2 exd5 17. cxd5 b5 18. Nd1 Nh5 19. O-O f5 20. Ra2 fxe4 21. fxe4 Nf6 22.
Nf2 Neg4 23. Bxg4 Nxg4 24. Nxg4 Bxg4 25. Nc6 Ra8 26. Qd3 Bd7 27. Rc2 Bxc6 28.
Rxc6 Qd7 29. Bf4 Be5 30. Bxe5 Rxe5 31. h3 Qe7 32. Re1 Re8 33. Rxa6 Rxe4 34. Rxe4
Qxe4 35. Qxe4 Rxe4 36. Rxd6 Rb4 37. Rb6 Rxb3 38. d6 Rd3 39. Kf2 Kf7 40. Rxb5 Ke6
41. Rb7 h5 42. d7 Rxd7 43. Rxd7 Kxd7 44. Kf3 Ke6 45. Kf4 Kf6 46. g3 g5+ 47. Ke4
h4 1/2-1/2

[Event "chess.com IoM Masters"]
[Site "Douglas ENG"]
[Date "2016.10.07"]
[Round "7.48"]
[White "Peek, Marcel"]
[Black "De Rosa, Mariagrazia"]
[Result "1-0"]
[WhiteTitle "IM"]
[BlackTitle "WFM"]
[WhiteElo "2319"]
[BlackElo "2102"]
[WhiteFideId "1000462"]
[BlackFideId "815136"]
[EventDate "2016.10.01"]

1. d4 Nf6 2. Nf3 g6 3. c4 Bg7 4. Nc3 O-O 5. e4 d6 6. Be2 e5 7. Bg5 h6 8. Bh4 Qe8
9. dxe5 dxe5 10. Nd5 g5 11. Bg3 Nxd5 12. cxd5 c6 13. d6 Qe6 14. h4 g4 15. Nh2 h5
16. O-O Rd8 17. f3 Qxd6 18. Qxd6 Rxd6 19. fxg4 hxg4 20. Rad1 Rd4 21. Bc4 Be6 22.
Bxe6 fxe6 23. Nxg4 Nd7 24. Bf2 Rxe4 25. Rxd7 Rxg4 26. Rxb7 Rd8 27. Rc1 e4 28.
Rxc6 Rd1+ 29. Kh2 e3 30. Bxe3 Re1 31. Kh3 Re4 32. Bg5 Rf1 33. Rc8+ Rf8 34. Rxf8+
Bxf8 35. Rxa7 Bg7 36. Rb7 Re2 37. a4 Bxb2 38. a5 Bd4 39. Rd7 e5 40. h5 Ra2 41.
h6 Rf2 42. h7+ Kh8 43. a6 Bb6 44. a7 Bxa7 45. Rxa7 e4 46. Be3 Rf7 47. Bd4+ 1-0

[Event "chess.com IoM Masters"]
[Site "Douglas ENG"]
[Date "2016.10.07"]
[Round "7.49"]
[White "Karthik, Venkataraman"]
[Black "Kotepalli, Sai Nirupama"]
[Result "1-0"]
[WhiteTitle "FM"]
[BlackTitle "WFM"]
[WhiteElo "2317"]
[BlackElo "1944"]
[WhiteFideId "25006479"]
[BlackFideId "5039444"]
[EventDate "2016.10.01"]

1. d4 Nc6 2. Nc3 d5 3. Bf4 Bf5 4. e3 e6 5. a3 Bd6 6. Nge2 Nf6 7. Bxd6 Qxd6 8.
Ng3 Bg6 9. h4 h6 10. Bd3 Bxd3 11. Qxd3 Ne7 12. O-O-O a6 13. Kb1 c5 14. e4 c4 15.
Qf3 Qc6 16. e5 Nd7 17. Nh5 Rg8 18. g4 b5 19. Na2 a5 20. c3 Qb7 21. g5 hxg5 22.
hxg5 Nc6 23. g6 fxg6 24. Nf4 Nf8 25. Nxd5 O-O-O 26. Ne3 Ne7 27. Qf7 g5 28. a4
Rd7 29. d5 exd5 30. Nf5 Nxf5 31. Qxg8 Rd8 32. axb5 Qxb5 33. Qf7 g6 34. Rh8 Qe8
35. Qxe8 Rxe8 36. Rxd5 Kc7 37. Rxa5 Nh4 38. Nb4 1-0

[Event "chess.com IoM Masters"]
[Site "Douglas ENG"]
[Date "2016.10.07"]
[Round "7.50"]
[White "Pasini, Nicolo"]
[Black "Jackson, James P"]
[Result "0-1"]
[BlackTitle "FM"]
[WhiteElo "2101"]
[BlackElo "2311"]
[WhiteFideId "2809600"]
[BlackFideId "416860"]
[EventDate "2016.10.01"]

1. g3 Nf6 2. Bg2 d5 3. Nf3 g6 4. O-O Bg7 5. d3 O-O 6. Nbd2 c6 7. h3 Nbd7 8. c3
Re8 9. e4 dxe4 10. dxe4 Nc5 11. Qe2 Qd3 12. Re1 Qxe2 13. Rxe2 Nd3 14. Nb3 Nxc1
15. Rxc1 a5 16. a4 Nd7 17. Rd1 e5 18. Red2 Nb6 19. Rd8 Kf8 20. Nc5 Ke7 21. Rxe8+
Kxe8 22. Ne1 Nd7 23. Nxd7 Bxd7 24. Nd3 f6 25. Kf1 Bf8 26. b3 Be6 27. Rb1 b5 28.
Nc1 Bh6 29. Ne2 Rb8 30. axb5 Rxb5 31. b4 Bf8 32. Ke1 axb4 33. cxb4 Bxb4+ 34. Kd1
Rb7 35. Kc2 Kd7 36. Nc1 Kc7 37. Nd3 Bd6 38. Ra1 Kb8 39. Ra6 Bd7 0-1

[Event "chess.com IoM Masters"]
[Site "Douglas ENG"]
[Date "2016.10.07"]
[Round "7.51"]
[White "Zozulia, Anna"]
[Black "Gagare, Shalmali"]
[Result "1/2-1/2"]
[WhiteTitle "IM"]
[BlackTitle "WIM"]
[WhiteElo "2303"]
[BlackElo "1989"]
[WhiteFideId "14102110"]
[BlackFideId "5038650"]
[EventDate "2016.10.01"]

1. e4 e6 2. d4 d5 3. Nd2 c5 4. Ngf3 cxd4 5. exd5 Qxd5 6. Bc4 Qd6 7. O-O Nf6 8.
Nb3 Nc6 9. Nbxd4 Nxd4 10. Nxd4 a6 11. c3 Qc7 12. Qe2 Bd6 13. h3 O-O 14. Bg5 Bf4
15. Bxf4 Qxf4 16. Qf3 Qxf3 17. Nxf3 Bd7 18. Ne5 Rfd8 19. Rfd1 Ba4 20. Bb3 Bxb3
21. axb3 Kf8 22. Kf1 Ke7 23. Ke2 Rxd1 24. Rxd1 Rc8 25. f4 Rc7 26. g4 Nd7 27. Nf3
h6 28. Ke3 Nc5 29. b4 Na4 30. Rd2 Nb6 1/2-1/2

[Event "chess.com IoM Masters"]
[Site "Douglas ENG"]
[Date "2016.10.07"]
[Round "7.52"]
[White "Tate, Alan"]
[Black "Tiwari, Ashwani"]
[Result "1-0"]
[WhiteTitle "FM"]
[BlackTitle "FM"]
[WhiteElo "2376"]
[BlackElo "2090"]
[WhiteFideId "2401878"]
[BlackFideId "5006961"]
[EventDate "2016.10.01"]

1. e4 c5 2. Nf3 g6 3. c4 Nc6 4. d4 cxd4 5. Nxd4 Nf6 6. Nc3 Nxd4 7. Qxd4 d6 8.
Be3 Bg7 9. f3 O-O 10. Qd2 a5 11. b3 Be6 12. Rb1 Nd7 13. Be2 Nc5 14. O-O Qb6 15.
Nb5 Rfc8 16. a3 Qd8 17. b4 axb4 18. axb4 Na4 19. Rfc1 Nb6 20. c5 Ra2 21. Rc2
Rxc2 22. Qxc2 dxc5 23. bxc5 Nd7 24. Na7 Ra8 25. c6 bxc6 26. Nxc6 Qe8 27. Bb5 Nb8
28. Qc5 Bf8 29. Na7 Qd8 30. Qb4 Qc7 31. Qa4 Bd7 32. Bxd7 Nxd7 33. Rc1 Qb7 34.
Qa5 Nf6 35. Bd4 Qd7 36. Qb6 Rd8 37. Nc6 Rc8 38. Bb2 Re8 39. Qb3 Rc8 40. Qa4 Rc7
41. Qc4 Ne8 42. Be5 Rb7 43. Bc3 Bg7 44. Bb4 Bf8 45. Ne5 Qe6 46. Qxe6 fxe6 47.
Nc6 Nd6 48. Bc5 Rd7 49. Bb4 Rb7 50. Ba5 Bg7 51. e5 Nf7 52. Rc5 Bh6 53. Kf2 Kf8
54. Nd4 Rb2+ 55. Kg3 Be3 56. Nxe6+ Ke8 57. Nc7+ Kf8 58. Ne6+ Ke8 59. Rd5 g5 60.
Kh3 h6 61. Bc3 Rc2 62. Ba5 Ra2 63. g3 Bg1 64. Kg4 Bxh2 65. Ng7+ Kf8 66. Nh5 Bg1
67. Rb5 Ke8 68. e6 Nd8 69. Bxd8 Kxd8 70. Rd5+ Ke8 71. Kf5 Ra6 72. Ng7+ Kf8 73.
Kg6 Bb6 74. Kh7 1-0

[Event "chess.com IoM Masters"]
[Site "Douglas ENG"]
[Date "2016.10.07"]
[Round "7.53"]
[White "Ottosen, David"]
[Black "Van Foreest, Lucas"]
[Result "0-1"]
[WhiteElo "2105"]
[BlackElo "2350"]
[WhiteFideId "2603080"]
[BlackFideId "1039792"]
[EventDate "2016.10.01"]

1. e4 e5 2. Nf3 Nc6 3. Bb5 a6 4. Ba4 Nf6 5. O-O Be7 6. Re1 b5 7. Bb3 d6 8. c3
O-O 9. h3 Na5 10. Bc2 c5 11. d4 Qc7 12. Nbd2 Be6 13. Nf1 Rfc8 14. d5 Bd7 15. Ng3
g6 16. Qd3 c4 17. Qe2 Nb7 18. Bd2 Nc5 19. b4 cxb3 20. axb3 a5 21. b4 Na4 22.
Bxa4 bxa4 23. Rec1 Qc4 24. Qe1 axb4 25. cxb4 Qd3 26. Qe3 Bb5 27. Qxd3 Rxc1+ 28.
Bxc1 Bxd3 29. Nd2 Rc8 30. f3 Bd8 31. Ndf1 Nd7 32. Be3 Nb6 33. Nd2 Rc2 34. Nh1 f5
35. Nf2 Bb5 36. f4 exf4 37. Bxf4 g5 38. Nf3 gxf4 39. Nd4 Rxf2 40. Kxf2 Bf6 41.
Rd1 Bd7 42. exf5 a3 43. Kf3 a2 44. Ke4 Bxf5+ 45. Nxf5 Na4 46. Rc1 Bb2 47. Re1
Nc3+ 48. Kxf4 Nxd5+ 49. Ke4 Nc3+ 50. Kd3 Nb1 51. Kc2 a1=Q 52. Rxb1 Qa4+ 53. Kxb2
Qxb4+ 54. Kc1 Qc3+ 55. Kd1 Qd3+ 56. Kc1 Qxf5 57. Rb2 Qf1+ 0-1

[Event "chess.com IoM Masters"]
[Site "Douglas ENG"]
[Date "2016.10.07"]
[Round "7.54"]
[White "Bianco, Valerio"]
[Black "Lorscheid, Gerhard"]
[Result "1-0"]
[BlackTitle "FM"]
[WhiteElo "2074"]
[BlackElo "2238"]
[WhiteFideId "800600"]
[BlackFideId "4606000"]
[EventDate "2016.10.01"]

1. e4 d6 2. d4 Nf6 3. Nc3 e5 4. Nf3 Nbd7 5. Bc4 Be7 6. O-O Nb6 7. Be2 exd4 8.
Qxd4 O-O 9. a4 a6 10. h3 h6 11. Be3 Be6 12. a5 c5 13. Qd2 Nc4 14. Bxc4 Bxc4 15.
Rfd1 Qc7 16. Bf4 Rad8 17. Qe3 Rfe8 18. e5 dxe5 19. Nxe5 Bd6 20. Rxd6 Rxd6 21.
Nxc4 Rxe3 22. fxe3 Ne8 23. Ne4 Qe7 24. Nexd6 Nxd6 25. Nxd6 g5 26. Bg3 Qxe3+ 27.
Kh2 Qd2 28. Rf1 Qxc2 29. Rxf7 Qxb2 30. Re7 h5 31. Be5 Qd2 32. Ne4 Qe3 33. Bd6 1-0

[Event "chess.com IoM Masters"]
[Site "Douglas ENG"]
[Date "2016.10.07"]
[Round "7.55"]
[White "Player, Edmund C"]
[Black "Sipos, Silvester"]
[Result "1-0"]
[WhiteElo "2227"]
[BlackElo "2006"]
[WhiteFideId "406520"]
[BlackFideId "444260"]
[EventDate "2016.10.01"]

1. e4 b6 2. d4 Bb7 3. Nd2 e6 4. Ngf3 g6 5. Bd3 Bg7 6. c3 Ne7 7. Qe2 a5 8. a4 d6
9. h4 h6 10. Nc4 Nd7 11. Bf4 d5 12. Nce5 dxe4 13. Bxe4 Bxe4 14. Qxe4 Nf6 15. Qe2
Nfd5 16. Bh2 Rc8 17. Nd3 O-O 18. Be5 Nf6 19. Nd2 Nc6 20. Bxf6 Qxf6 21. Qf3 Qxf3
22. Nxf3 Rfd8 23. h5 g5 24. O-O-O Rd5 25. Rhe1 Rcd8 26. Kc2 Ne7 27. Nde5 Bxe5
28. Nxe5 Kg7 29. Rd3 b5 30. axb5 Rxb5 31. Ra1 Nd5 32. g3 c5 33. Nc6 Ra8 34. c4
Nb4+ 35. Nxb4 Rxb4 36. dxc5 Rxc4+ 37. Rc3 Re4 38. Rd1 Rb8 39. Rd2 Reb4 40. Kc1
Rc8 41. c6 Rb6 42. c7 Rb7 43. Rd7 Ra7 44. Kb1 Raa8 45. Rcd3 Ra7 46. Rf3 1-0

[Event "chess.com IoM Masters"]
[Site "Douglas ENG"]
[Date "2016.10.07"]
[Round "7.56"]
[White "Fathallah, Joe"]
[Black "Grant, Jonathan I M"]
[Result "0-1"]
[WhiteElo "1990"]
[BlackElo "2223"]
[WhiteFideId "1801899"]
[BlackFideId "2400294"]
[EventDate "2016.10.01"]

1. d4 Nf6 2. c4 e6 3. Nc3 Bb4 4. Qc2 d5 5. cxd5 exd5 6. Bg5 h6 7. Bh4 c5 8. Nf3
O-O 9. e3 Be6 10. Bd3 Nbd7 11. O-O c4 12. Bf5 Bxf5 13. Qxf5 Bxc3 14. bxc3 b5 15.
g4 g6 16. Qf4 Kg7 17. Kh1 Qb6 18. g5 hxg5 19. Nxg5 Rae8 20. Rg1 a5 21. a3 Ne4
22. Nxe4 Rxe4 23. Qg5 Rh8 24. Bg3 Qe6 25. Bf4 Qh3 26. Qg3 Qf5 27. Rab1 Ree8 28.
Qg4 Qe4+ 29. f3 Qe7 30. Rxb5 Nf6 31. Qg2 Qxa3 32. Be5 Rh5 33. f4 Qxc3 34. Rb7
Qd3 35. f5 Qxf5 36. Rf1 Rxe5 37. dxe5 Qxe5 38. Rg1 Ng4 39. h3 Nf2+ 0-1

[Event "chess.com IoM Masters"]
[Site "Douglas ENG"]
[Date "2016.10.07"]
[Round "7.57"]
[White "Swati, Mohota"]
[Black "Herbold, Manfred"]
[Result "1/2-1/2"]
[WhiteTitle "WFM"]
[BlackTitle "CM"]
[WhiteElo "1948"]
[BlackElo "2155"]
[WhiteFideId "5006511"]
[BlackFideId "4682882"]
[EventDate "2016.10.01"]

1. d4 g6 2. c4 Bg7 3. Nc3 d6 4. e4 e5 5. d5 a5 6. Bd3 Na6 7. Be3 Bh6 8. Qd2 Bxe3
9. Qxe3 Nf6 10. f3 Nc5 11. Bc2 c6 12. Nge2 cxd5 13. cxd5 Bd7 14. O-O b5 15. Rac1
O-O 16. Nd1 b4 17. Nf2 Bb5 18. Nd3 Nfd7 19. g4 Qb6 20. Nf2 Rac8 21. Rfe1 Kg7 22.
Ng3 f6 23. h4 Na4 24. Qxb6 Ndxb6 25. Bd3 Bxd3 26. Nxd3 Kf7 27. h5 Ke7 28. Kf2
Rxc1 29. Rxc1 Rc8 30. Rxc8 Nxc8 31. hxg6 hxg6 32. Ne2 Kd7 33. b3 Nab6 34. Nb2
Na7 35. Nc4 Nxc4 36. bxc4 Nc8 37. Ke3 Nb6 38. Kd3 Na4 39. c5 dxc5 40. Kc4 Kd6
41. Nc1 Nb6+ 42. Kb5 Nxd5 43. exd5 Kxd5 44. Nb3 c4 45. Nxa5 b3 46. axb3 cxb3 47.
Nxb3 e4 48. fxe4+ Kxe4 49. Nc5+ Kf4 50. Nd7 f5 51. gxf5 Kxf5 52. Kc5 g5 53. Kd4 1/2-1/2

[Event "chess.com IoM Masters"]
[Site "Douglas ENG"]
[Date "2016.10.07"]
[Round "7.58"]
[White "Tirziman, Rudolf"]
[Black "McLaren, Brian"]
[Result "1-0"]
[WhiteElo "1923"]
[BlackElo "2149"]
[WhiteFideId "2508664"]
[BlackFideId "2604612"]
[EventDate "2016.10.01"]

1. e4 Nf6 2. e5 Nd5 3. d4 d6 4. Nf3 Bg4 5. Be2 c6 6. O-O Bxf3 7. Bxf3 dxe5 8.
dxe5 e6 9. c4 Ne7 10. Qe2 Nd7 11. Nc3 Ng6 12. Bh5 Be7 13. f4 Qc7 14. Be3 Nh4 15.
Ne4 g6 16. Bg4 h5 17. Bh3 Nf5 18. Bf2 Nb6 19. Bxf5 gxf5 20. Nd6+ Kf8 21. Rad1
Rd8 22. Rd3 c5 23. Rfd1 a6 24. b3 Nc8 25. Nxc8 Qxc8 26. Rxd8+ Bxd8 27. Qd3 Ke8
28. Qd6 b6 29. Qd3 Be7 30. Qf3 h4 31. Rd3 Kf8 32. Be1 Kg7 33. Qd1 Rd8 34. Rxd8
Bxd8 35. Qd3 Qa8 36. Kf2 Be7 37. Bc3 Qc6 38. Qf3 Qd7 39. Ke2 b5 40. g4 bxc4 41.
gxf5 Qd3+ 42. Qxd3 cxd3+ 43. Kxd3 exf5 44. h3 1-0

[Event "chess.com IoM Masters"]
[Site "Douglas ENG"]
[Date "2016.10.07"]
[Round "7.59"]
[White "Vardan, Nagpal"]
[Black "Dahl, Baard"]
[Result "1-0"]
[WhiteElo "2117"]
[BlackElo "1921"]
[WhiteFideId "25089544"]
[BlackFideId "444251"]
[EventDate "2016.10.01"]

1. Nf3 Nf6 2. c4 c5 3. Nc3 d5 4. cxd5 Nxd5 5. e4 Nb4 6. Bc4 Nd3+ 7. Ke2 Nf4+ 8.
Kf1 Nd3 9. Qe2 Nxc1 10. Rxc1 e6 11. h4 a6 12. a4 Nc6 13. h5 Nd4 14. Qe3 h6 15.
Ne2 Be7 16. Nexd4 cxd4 17. Qxd4 Qxd4 18. Nxd4 Bf6 19. Nf3 Bxb2 20. Rb1 Ba3 21.
Ke2 O-O 22. d4 a5 23. Ne5 Bd6 24. Nd3 Bd7 25. Bb5 Bc6 26. Bxc6 bxc6 27. Rhc1 Ra6
28. Nc5 Bxc5 29. Rxc5 Rd8 30. Kd3 f6 31. Kc3 Rd7 32. f4 Kf7 33. g4 Ke7 34. g5
fxg5 35. fxg5 hxg5 36. Rxg5 Kd6 37. Rbg1 Raa7 38. Kc4 Rab7 39. Rxa5 Rf7 40. Ra6
Kd7 41. Kc5 e5 42. dxe5 Re7 43. Rg5 Ke8 44. Kxc6 Rb1 45. Ra5 Re1 46. Kd6 Rd7+
47. Ke6 Re7+ 48. Kf5 Kf7 49. e6+ Kg8 50. h6 1-0

[Event "chess.com IoM Masters"]
[Site "Douglas ENG"]
[Date "2016.10.07"]
[Round "7.60"]
[White "Brunello, Marina"]
[Black "Laustsen, Lars"]
[Result "1-0"]
[WhiteTitle "FM"]
[WhiteElo "2382"]
[BlackElo "2151"]
[WhiteFideId "822590"]
[BlackFideId "1407554"]
[EventDate "2016.10.01"]

1. e4 c5 2. Nf3 d6 3. d4 cxd4 4. Nxd4 Nf6 5. Nc3 a6 6. Be3 e5 7. Nf3 Be7 8. Bc4
O-O 9. Bb3 Be6 10. Qd3 Nc6 11. O-O Na5 12. Bxe6 fxe6 13. Na4 Nd7 14. c4 Qc7 15.
b3 Nc5 16. Bxc5 dxc5 17. Rad1 Rad8 18. Qe3 b6 19. Nb2 Nc6 20. Rxd8 Bxd8 21. Nd3
h6 22. Rd1 Bf6 23. Kf1 Qf7 24. Nde1 Nd4 25. Nxd4 exd4 26. Qe2 e5 27. g3 Kh7 28.
Nd3 Qe6 29. Kg2 a5 30. h4 a4 31. Rb1 axb3 32. axb3 Ra8 33. b4 Qxc4 34. bxc5 Ra3
35. cxb6 Rxd3 36. Qg4 Rb3 37. Rxb3 Qxb3 38. Qf5+ g6 39. Qxf6 d3 40. Qe7+ Kg8 41.
b7 1-0

[Event "chess.com IoM Masters"]
[Site "Douglas ENG"]
[Date "2016.10.07"]
[Round "7.61"]
[White "Birkett, Richard"]
[Black "Strugnell, Carl"]
[Result "1-0"]
[BlackTitle "FM"]
[WhiteElo "1996"]
[BlackElo "2278"]
[WhiteFideId "2401819"]
[BlackFideId "616753"]
[EventDate "2016.10.01"]

1. e4 c5 2. Nc3 d6 3. f4 Nc6 4. Nf3 g6 5. Bb5 Bd7 6. O-O Bg7 7. d3 Nd4 8. Bxd7+
Qxd7 9. Ne2 Nh6 10. f5 Nxf3+ 11. Rxf3 gxf5 12. Bxh6 Bxh6 13. exf5 Bg7 14. c3
O-O-O 15. Qb3 d5 16. Qa3 b6 17. d4 Qc7 18. Kh1 Kb8 19. Qb3 h5 20. a4 Rh6 21. a5
Ka8 22. f6 Rxf6 23. Rxf6 Bxf6 24. axb6 Qc6 25. Rxa7+ Kb8 26. Rc7 Qa8 27. Qb5 Qa2
28. Ra7 1-0

[Event "chess.com IoM Masters"]
[Site "Douglas ENG"]
[Date "2016.10.07"]
[Round "7.62"]
[White "Wallace, Paul"]
[Black "Rocabado, Fernando"]
[Result "0-1"]
[WhiteElo "2210"]
[BlackElo "2187"]
[WhiteFideId "2500892"]
[BlackFideId "105341"]
[EventDate "2016.10.01"]

1. e4 e6 2. d4 d5 3. Nd2 c5 4. exd5 Qxd5 5. Ngf3 cxd4 6. Bc4 Qd7 7. O-O Nc6 8.
Nb3 a6 9. Nbxd4 Nxd4 10. Nxd4 Bc5 11. Be3 Nf6 12. c3 O-O 13. Qf3 Qc7 14. Bd3 e5
15. Nf5 Bxe3 16. fxe3 Bxf5 17. Qxf5 Rfe8 18. Qh3 e4 19. Bc2 Rad8 20. Bb3 Qb6 21.
Rf2 Rd3 22. Re1 Red8 23. Qg3 Qd6 24. Qxd6 R8xd6 25. Bc2 R3d5 26. Rff1 Kf8 27.
Rd1 Ke7 28. Rd4 Rb5 29. Bb3 a5 30. Rfd1 Rxd4 31. Rxd4 Re5 32. Bc2 b6 33. h3 Nd5
34. Rxe4 Rxe4 35. Bxe4 Nxe3 36. b4 Nd1 37. bxa5 bxa5 38. c4 Nc3 39. Bxh7 g6 40.
h4 Nxa2 41. Kf2 Nb4 42. Ke3 a4 43. Kd2 a3 44. Kc3 a2 45. Kb2 Kf6 46. h5 gxh5 47.
c5 h4 48. Be4 Ke5 49. Bf3 f5 50. Bb7 Nd3+ 51. Kxa2 Nxc5 52. Bc6 Kd4 53. Kb1 Ke3
54. Kc2 Nd3 55. Kd1 Kf2 56. Kd2 Ne1 0-1

[Event "chess.com IoM Masters"]
[Site "Douglas ENG"]
[Date "2016.10.07"]
[Round "7.63"]
[White "Hamer, Martyn"]
[Black "Scott, Luke"]
[Result "1/2-1/2"]
[WhiteElo "2063"]
[BlackElo "2018"]
[WhiteFideId "413160"]
[BlackFideId "2507986"]
[EventDate "2016.10.01"]

1. Nf3 Nf6 2. c4 e6 3. g3 b6 4. Bg2 Bb7 5. O-O c5 6. Nc3 Be7 7. Re1 d6 8. e4
Nbd7 9. d4 cxd4 10. Nxd4 Qb8 11. Qa4 O-O 12. Nc6 Bxc6 13. Qxc6 Ne5 14. Qa4 Qc7
15. b3 a6 16. Bd2 Rfd8 17. h3 Rac8 18. Re3 Nc6 19. Rc1 Nd7 20. Nd5 exd5 21. cxd5
Nc5 22. Qa3 Nd4 23. b4 Nb5 24. Qb2 Bf6 25. e5 Bxe5 26. Qb1 Na3 27. Qf5 Qd7 28.
Qxd7 Nxd7 29. Rxa3 Rxc1+ 30. Bxc1 Ra8 31. Bd2 b5 32. Be3 Bb2 33. Rb3 Bf6 34. f4
Re8 35. Kf2 Rc8 36. Be4 g6 37. Ra3 Bc3 38. Rb3 1/2-1/2

[Event "chess.com IoM Masters"]
[Site "Douglas ENG"]
[Date "2016.10.07"]
[Round "7.64"]
[White "Johnson, Paul A"]
[Black "Guo, Emma"]
[Result "0-1"]
[BlackTitle "WIM"]
[WhiteElo "1893"]
[BlackElo "2018"]
[WhiteFideId "415677"]
[BlackFideId "3200795"]
[EventDate "2016.10.01"]

1. d4 Nf6 2. Nf3 g6 3. c4 Bg7 4. Nc3 d5 5. cxd5 Nxd5 6. e4 Nxc3 7. bxc3 c5 8. h3
O-O 9. Bc4 Nc6 10. Be3 Na5 11. Bb3 Nxb3 12. axb3 b6 13. O-O Bb7 14. e5 cxd4 15.
cxd4 Qd5 16. Qb1 f6 17. Rd1 fxe5 18. dxe5 Qe6 19. Ng5 Qxe5 20. b4 Bd5 21. Ra3 e6
22. h4 Qf5 23. Qxf5 gxf5 24. Bd4 h6 25. Nh3 f4 26. f3 Rf7 27. Bxb6 axb6 28.
Rxa8+ Bxa8 29. Rd8+ Rf8 30. Rxf8+ Bxf8 31. Nxf4 Kf7 32. Nd3 Kf6 33. Kf2 Bd5 34.
Ke3 Bc4 35. Nb2 Bf1 36. g4 Bxb4 37. f4 Bc5+ 38. Ke4 Bg2+ 39. Kd3 b5 40. Ke2 Be4
41. h5 Bd4 42. Nd1 b4 43. Kd2 b3 44. Kc1 b2+ 45. Nxb2 Bxb2+ 46. Kxb2 Bf3 0-1